Регионална библиотека "Любен Каравелов" - Русе

В пукнатините на канона (Запис номер 440044)

MARC детайли
000 -Лидер
Контролно поле с фиксирана дължина 00950nam a2200241 a 4500
003 - Код на организацията, давaща контролен номер
Контролно поле BLK
005 - Дата и час на последна редакция
Контролно поле 20250616103823.0
008 - Елементи от данни с фиксирана дължина
fixed length control field 211214b bu |||||r|||| 00| | bu d
020 ## - Международен стандартен номер на книга ISBN
Международен стандартен номер на книга ISBN 9786191866595
040 ## - Източник на каталожния запис
Идентификатор на билиотеката - собственик на записа BLK
041 ## - Код за език
Код за езика на текст/звукозапис или на отделно заглавие Български
Код за езика КДБФ Български
080 ## - УДК
Текстов определител УДК Българска литература
УДК код - определител по УДК 821.163.2
УДК определител -4
УДК - код + определител 821.163.2-4
080 ## - УДК
Текстов определител УДК Българска литература(изследвания)
УДК код - определител по УДК 821.163.2.09
УДК - код + определител 821.163.2.09
100 ## - Редна дума - Автор
R(LIN) 382016
Автор Господинов, Георги Георгиев
Авторска отговорност първи автор
139 ## - Редно поле
Редна дума Господинов, Георги
Авторски знак Гос - Г 70
245 ## - Сведения за заглавието
Заглавие В пукнатините на канона
Подзаглавни данни Провинции, аероплани, лексикони
Редно поле (дума) Георги Господинов.
260 ## - Област на издателските данни
9 (RLIN) 209682
Място на издаване, разпространение и проч. Пловдив
Име на издателя, разпространителя и проч. Жанет 45
Година на издаване 2021
300 ## - Физическа характеристика
Страници 315 с.
Размери/Мащаб 21 см
380 ## - Жанр
Жанр Худож. лит.
999 ## - СИСТЕМНИ КОНТРОЛНИ НОМЕРА
Koha biblionumber 440044
Koha biblioitemnumber 440044
942 ## - АРТИКУЛИ
Вид на библиотечния материал Книги
Скрит в OPAC Не
Периодичен библиозапис Да
Koha issues (borrowed), all copies 96
999 ## - СИСТЕМНИ КОНТРОЛНИ НОМЕРА
Koha biblioitemnumber 440044
944 ## - СЪЗДАВАНЕ И РЕДАКЦИЯ на ЗАПИСА
Служител, извършил регистрацията/редакцията 30542
Статус, дата на статуса Русанова Ирена
Наличности
Код за отписване Код за изгубен артикул Източник на класификационната схема Код за повреда Код за отдаване Артикулен № Име на библиотеката - собственик Име на библиотеката, в която се намира в момента Статус (Текущо местоположение) Дата на вписване в системата Местоположение - отдел Цена в лева Систематично азбучна сигнатура Баркод Цена в евро Служебен тип на артикула Коз за рестрикции
  Не е изгубен Universal Decimal Classification Не е повреден заемане за дома 865443 Регионална библиотека "Любен Каравелов" Русе Регионална библиотека "Любен Каравелов" Русе Заемна - подръчен фонд 2021-12-16 Заемна - подръчен фонд 13.51 821.163.2-4/Г 70 Г 120000863329 6.91 Книги  
  Не е изгубен Universal Decimal Classification Не е повреден ползва се в читалня 871888 Регионална библиотека "Любен Каравелов" Русе Регионална библиотека "Любен Каравелов" Русе Хранилище 2022-02-15 Хранилище 18.00 Цб 311044 120000865665 9.20 Книги само за читалня
Vip Innovations Ltd, Rousse, Bulgaria 2025